Quizzes
Events
Quiz Creation
Community
Videos
Private Events
Remove Ads
Sign In
Join for FREE
Feedback
Dark Mode
Quiz Categories
Sports
Geography
Music
Movies
Television
Just For Fun
Miscellaneous
History
Literature
Language
Science
Gaming
Entertainment
Religion
Holiday
For Kids
Quiz Lab
Recent
Popular Today
Quiz Kudos Today
Editor Picks
Curator Picks
Quizzes by...
Day
Popularity
Type
Ratings
Length
Year
Community
Subscriptions
Recent Discussions
Orange Saloon
Badges
Playlists
Quests
Create
Leaderboards
Showdown
Live 5
Trivia Bingo
Activity
Puzzle Library
Sporcle Events
Private Events
Virtual Trivia
Globe League
Become a Host
Pub Owners
SporcleCon
Opinionation
Our Games
Videos
Blog
Mobile Apps
Partnerships
Remove Ads and Go Orange
Feedback
Gaming
Video Games
Board Games
Card Games
Pokémon
Mario
Nintendo
Minecraft
Console
Toys
Legend of Zelda
Gaming
Video Games
Board Games
Card Games
Pokémon
Mario
Nintendo
Minecraft
Console
Toys
Legend of Zelda
Random Quiz
Search Sporcle
×
Quiz Lab
Quiz Lab
Gaming
Board Games
Type in answers that appear in a list
Type in answers that appear in a list
Classic
Best Score? Go Orange.
AVGN Game Reviews Stats
Can you name the games reviewed by the Angry Video Game Nerd?
By
Garrett
11m
95 Questions
1,174 Plays
1,174 Plays
1,174 Plays
Comments
Comments
Give Quiz Kudos
Give Quiz Kudos
-
- Ratings
hide this ad
Replay
Link that replays current quiz
Next Quiz
Link to next quiz in quiz playlist
You Got
0%
They Got
Avg Score
37%
Avg Friend Score
Upgrade to see
Score Distribution
Jump to the score distribution portion of the page
Score
0/95
Timer
11:00
0
Plays Today
Review
% Correct
Simon's Quest
83.1%
Dr. Jekyll and Mr. Hyde
70.8%
Teenage Mutant Ninja Turtles
68.1%
The Wizard & Super Mario Bros 3
68%
Episode 94
67.6%
The Power Glove
66.8%
Nintendo Power
63.9%
Friday the 13th
61.7%
Superman
59.7%
Back to the Future
58.2%
Batman (Part 1 and 2)
58%
Sega CD
57.4%
A Nightmare on Elm Street
56.6%
The Karate Kid
56.2%
Bible Games
55.7%
Atari 5200
55.2%
Top Gun
51.6%
Spiderman
51.2%
Sega 32X
51%
Virtual Boy
51%
Atari Jaguar (Part 1 and 2)
50.9%
NES Accessories
50%
Superman 64
49%
Ghostbusters (Part 1, 2, and 3)
48.3%
Who Framed Roger Rabbit
46.5%
Halloween
46.5%
McKids
44.3%
Rocky
43.5%
Colecovision
43.4%
Action 52
43.4%
Bugs Bunny's Birthday Blowout
43.3%
Intellivision
43.2%
Review
% Correct
Bible Games 2
42.5%
Rambo
41.5%
Zelda 2: The Adventure of Link
41.1%
Hotel Mario
40.6%
Plumbers Don't Wear Ties
40.4%
Terminator
40.3%
Bugs Bunny's Crazy Castle
40.2%
Texas Chainsaw Massacre
38.8%
Dracula
38.8%
Indiana Jones
38.5%
Atari Porn
37.4%
Zelda Timeline
37.2%
Rob the Robot
37.1%
Star Wars
36.9%
Spielberg Games
36.5%
Festers Quest
36.2%
Frankenstein
35.3%
Wizard of Oz
34.6%
Cheetahmen
34.2%
Dick Tracy
33.5%
Teenage Mutant Ninja Turtles 3 (Part 1 and 2)
32.7%
Silver Surfer
32.2%
X-Men
32.1%
Battletoads
32%
Wally Bear and the NO! Gang
31.5%
Zelda Wand of Gamelon
30.8%
Die Hard
29.8%
Winter Games
29.5%
Star Trek
29.4%
Godzilla
29.2%
Link The Faces of Evil
29%
Pong Consoles
29%
Review
% Correct
The Simpsons (Bart vs. the Space Mutants and Bart vs. the World)
28.6%
Zelda's Adventure
28.5%
Shaq Fu
28%
Odyssey
28%
Master Chu and the Drunkard Hu
27.3%
Milon's Secret Castle
26.7%
Double Dragon 3
26.4%
Little Red Hood
26.2%
Independence Day
25.8%
Super Pitfall
25.7%
Lester the Unlikely
25.7%
Street Fighter 2010
24.5%
Terminator 2
24.3%
Home Alone 2
23.7%
Transformers
23.7%
Metal Gear
22.6%
Wayne's World
21.8%
Dragons Lair
21.6%
Game Glitches
20.8%
Ninja Gaiden
20.7%
Michael Jackson's Moonwalker
20.1%
Deadly Towers
19.7%
Hydlide
19.4%
Day Dreamin' Davey
19%
Castlevania Games
15.5%
Swordquest
14.9%
Gyromite and Stack-Up
11.8%
Dr. Jekyll and Mr. Hyde Revisited
11%
Mario's Missing
9.4%
Video Game Sequel Titles
5.5%
T&C Surf Design, Circus Caper, and Fist of the North Star (2010 Christmas)
2%
Quiz Playlist
Details
Report
Send in Message
Add To Playlist
Classic:
Type in answers that appear in a list
Quiz Source
Last Updated: Feb 16, 2017
Quiz Scoreboard
CHALLENGE
Sign Up to Join the Scoreboard
Show All
Scores
Hide
Comments
May contain spoilers
Recently Published
Movies - When Are They Set?
by FPL_Elf
Movies
5m
Popular People in 1961
by mucciniale
History
6m
1-10 Letter E Words III
by El_Dandy
Language
2m
More to Explore
Quiz From the Vault
Featured Blog Post
Where Did the Easter Bunny Come From?
hide this ad
You Might Also Like...
Tags
Board Games Quiz
Angry
Angry Video
AVGN
Game Nerd
Nerd
Review
Reviewed
Video
Today's Top Quizzes in Gaming
Browse Gaming
hide this ad
Today's Top Quizzes in Board Games
Browse Board Games
Top Contributed Quizzes in Gaming
1
Destiny 2 exotic weapons by perk icons
2
Ultimate Genshin Impact Logic Puzzle (up to 4.3)
3
Genshin Impact Logic Puzzle Quiz
4
Who's on the WWE 2K24 Cover?
5
Windmill: Pokémon
6
Franchise by Action Figure
7
Legendary or Exotic?
8
Overwatch 2: Ultimate Ability Icons
9
Overwatch 2 Heroes by Selection Quote
10
Genshin murder mystery
Explore More
Trending Topics
Crossword
Harry Potter
Disney
Anime
Kpop
Marvel
NBA
Pokémon
The Office
WWE
Puzzle
NFL
Song
Country
Soccer
hide this ad
More By:
Garrett
Quiz
Plays
Rating
Category
Featured
Created
AVGN Game Reviews
1,174
3.13
Gaming
Sep 26, 2009
Go to Creator's Profile
Score Distribution
Quiz Creator Spotlight
Garrett
Follow
Send a Message
Quizzes Created
-
Created Quiz Play Count
-
More By This Creator
Popular Quizzes Today
1
Find the Countries of Europe - No Outlines Minefield
2
Find the US States - No Outlines Minefield
3
The Countries of the World
4
Popular People in 1961
5
US States
6
1-10 Letter E Words III
7
Find the US States
8
One Thing in Common: World Cities II
More Gaming Quizzes
'A' Board Games
Editor's Pick
Trending Quizzes
Risky Map Clicking: Least Populous States A-Z
1-10 Letter F Words
Humor Books: The Subtitles
1-10 Letter G Words
One Thing in Common: United Kingdom
Recently Updated
Leaping Animals
pecheneg
Reality TV Shows (A-Z)
bhenderson79
Rickey Henderson's Hall of Fame Teammates
pecheneg
Champions League XIs: Arsenal
pecheneg
Quick Pick: Celebrities in WWE's Hall of Fame
aduchscher
A-Z Keypad Blitz II
pecheneg
Multiple Oscar Actors
pecheneg
Mystery Phrase Blitz: Oscar 'Best Actors'
pecheneg
F. Scott Fitzgerald Novels
LTH
Pick 3 Villains
ddd62291
Trending Topics
NBA
Kpop
Anime
Crossword
Marvel
Harry Potter
Disney
WWE
Country
Puzzle
NFL
Song
Pokémon
Soccer
The Office
Your Account Isn't Verified!
In order to create a playlist on Sporcle, you need to verify the email address you used during registration. Go to your
Sporcle Settings
to finish the process.
Report this User
Report this user for behavior that violates our
Community Guidelines
.
Details:
Send Report
Go to the Sporcle.com Mobile Site →
Comments